000 00716nam a2200241Ia 4500
003 OSt
005 20220918221632.0
006 a|||||r|||| 00| 0
007 ta
008 220917b |||||||| |||| 00| 0 eng d
024 _a202,274
037 _cTextual
040 _aARTS
_cARTS
_beng
041 _2eng
_aeng
082 _aW:5k1,N, P1.1-.2
100 _aBhaskara Rao Digumarti Ed.
245 0 _aInternational instruments of human rights
260 _aNew Delhi
_bDiscovery publishing prss
_c2001
490 _aInternational encyclopaedia of human rights-1
650 _aPOLITICAL SCIENCE
942 _hW:5k1,N, P1.1-.2
_cTEXL
_2CC
999 _c273172
_d273172